000 00716nam a2200217 a 4500
005 20240910063924.0
008 081104s2003 mx r 000 0 spa d
020 _a8489804656
035 _aUPN01000164894
049 _aI
050 4 _aPZ36.3
_bM6.2
100 1 _aMoost, Nele,
_d1952-
_935520
245 1 0 _aDonde brillan las chalupas /
_cNele Moost, Jutta Bücker ; tr. L. Rodríguez López.
260 _aSalamanca, Esp. :
_bLóguez,
_c2003.
300 _a[12] p. :
_bprincipalmente il. col.
534 _pTítulo original:
_tWo die schaluppen glitzern
650 4 _aCuentos infantiles alemanes
_98589
650 0 _aAnimales
_vCuentos y leyendas
_9234
700 1 _aBücker, Jutta,
_ecoaut.
905 _aInfantil
999 _c137006
_d137006